000 005410000a22001810004500
090 _aAR
_b04526
100 1 _aMaxim, Laura
_998484
700 1 _aSpangenberg, Joachim H.
_998485
700 1 _aOConnor, Martin
_998486
245 1 0 _aAnalysis of risks for biodiversity under DPSIR framework
041 0 _aInglés
650 1 4 _aInvasiones biológicas
_985
650 1 4 _aModelo DPSIR
_998450
650 1 4 _aPolítica ambiental
_992286
650 1 4 _aRiesgo ambiental
_913332
942 _cARTICULO
773 1 _tEcological economics
_q12-23
_d2009
_g69
999 _c13626
_d13626